[Event "GRE-ch U14"]
[Site "Thessaloniki"]
[Date "2022.08.22"]
[Round "7"]
[White "Tagkaloglou, Savvas Stefanos"]
[Black "Tsarsitalidis, Christos"]
[Result "0-1"]
[WhiteElo "1764"]
[BlackElo "1896"]
[PlyCount "86"]
[EventDate "2022.08.18"]
[EventType "swiss"]
[EventRounds "9"]
[EventCountry "GRE"]
[SourceTitle "EXT 2023"]
[Source "ChessBase"]
[SourceDate "2022.10.05"]
[SourceVersion "1"]
[SourceVersionDate "2022.10.05"]
[SourceQuality "1"]

1. d4 Nf6 2. c4 e6 3. Nc3 Bb4 4. Qc2 0-0 5. e4 d5 6. e5 Ne4 7. Bd3 c5 8. Nf3 cxd4 9. Nxd4 Nd7 10. Bf4 Qh4 11. g3 Qh5 12. 0-0 g5 13. cxd5 gxf4 14. dxe6 Nxe5 15. Bxe4 fxe6 16. f3 fxg3 17. hxg3 Bc5 18. Nce2 Nc6 19. Bxc6 bxc6 20. Kg2 Bxd4 21. Nxd4 e5 22. Qc4+ Kh8 23. Rh1 Qg5 24. Nb3 Qf6 25. Qe2 Be6 26. Nc5 Bd5 27. Ne4 Qg6 28. Qe3 Rxf3 29. Kxf3 Rf8+ 30. Ke2 Bxe4 31. Rh4 Bf3+ 32. Qxf3 Qc2+ 33. Ke3 Rxf3+ 34. Kxf3 Qd3+ 35. Kf2 e4 36. Rah1 Qd2+ 37. Kf1 e3 38. Rxh7+ Kg8 39. Rh8+ Kg7 40. R1h7+ Kg6 41. Rh6+ Kg5 42. Rh5+ Kg4 43. Rh4+ Kf3 0-1

[Event "EU-ch Amateur Online Final 2000/2300"]
[Site "Tornelo INT"]
[Date "2021.04.28"]
[Round "8"]
[White "Leftheriotis, Alexandros"]
[Black "Tagkaloglou, Savvas Stefanos"]
[Result "1-0"]
[WhiteElo "2032"]
[BlackElo "1487"]
[PlyCount "53"]
[EventDate "2021.04.28"]
[EventType "swiss (rapid)"]
[EventRounds "9"]
[EventCountry "NET"]
[SourceTitle "EXT 2023"]
[Source "ChessBase"]
[SourceDate "2022.10.05"]
[SourceVersion "1"]
[SourceVersionDate "2022.10.05"]
[SourceQuality "1"]

1. e4 c5 2. Nf3 e6 3. d4 cxd4 4. Nxd4 Nf6 5. Nc3 d6 6. Be3 a6 7. f3 b5 8. Qd2 Bb7 9. 0-0-0 Nbd7 10. g4 h6 11. h4 d5 12. Rg1 dxe4 13. g5 b4 14. Nce2 exf3 15. gxf6 fxe2 16. Qxe2 Qxf6 17. Bg2 Bxg2 18. Qxg2 Rd8 19. Nc6 Rc8 20. Na7 Rb8 21. Qc6 Qd8 22. Qa4 Rb7 23. Nc6 Qa8 24. Ne5 Qc8 25. Rxd7 Rxd7 26. Rd1 Be7 27. Nxd7 1-0

[Event "EU-ch Amateur Online Final 2000/2300"]
[Site "Tornelo INT"]
[Date "2021.04.28"]
[Round "5"]
[White "Tagkaloglou, Savvas Stefanos"]
[Black "Laux, Dominik"]
[Result "0-1"]
[WhiteElo "1487"]
[BlackElo "2085"]
[PlyCount "84"]
[EventDate "2021.04.28"]
[EventType "swiss (rapid)"]
[EventRounds "9"]
[EventCountry "NET"]
[SourceTitle "EXT 2023"]
[Source "ChessBase"]
[SourceDate "2022.10.05"]
[SourceVersion "1"]
[SourceVersionDate "2022.10.05"]
[SourceQuality "1"]

1. d4 d5 2. c4 c6 3. Nc3 Nf6 4. cxd5 cxd5 5. Bf4 Nc6 6. e3 a6 7. Nf3 Bf5 8. Be2 e6 9. 0-0 Be7 10. a3 Rc8 11. h3 0-0 12. Rc1 b5 13. Bd3 Bxd3 14. Qxd3 Na5 15. Nd2 Qb6 16. e4 dxe4 17. Ncxe4 Rfd8 18. Be3 Qb7 19. Nxf6+ Bxf6 20. b4 Nc6 21. Nb3 Rd5 22. Rfd1 Rcd8 23. Qe4 Qb6 24. Rc5 g6 25. Rd2 Ne7 26. g4 Qd6 27. Bf4 Qd7 28. Rc7 Qe8 29. Be3 Nc6 30. Qd3 e5 31. Qc3 Nxd4 32. Bxd4 exd4 33. Qc6 Qe1+ 34. Kg2 Be5 35. Ra7 Qe4+ 36. Kg1 Qb1+ 37. Kg2 Qxb3 38. Qb7 R5d6 39. Re2 Qd5+ 40. Kg1 Qxb7 41. Rxb7 d3 42. Rd2 Bf4 0-1

[Event "EU-ch Amateur Online 1700/2000"]
[Site "Tornelo INT"]
[Date "2021.04.24"]
[Round "4"]
[White "Lauda, Alexandr"]
[Black "Tagkaloglou, Savvas Stefanos"]
[Result "1-0"]
[WhiteElo "1899"]
[BlackElo "1487"]
[PlyCount "37"]
[EventDate "2021.04.24"]
[EventType "swiss (rapid)"]
[EventRounds "8"]
[EventCountry "NET"]
[SourceTitle "EXT 2023"]
[Source "ChessBase"]
[SourceDate "2022.10.05"]
[SourceVersion "1"]
[SourceVersionDate "2022.10.05"]
[SourceQuality "1"]

1. e4 Nf6 2. e5 Nd5 3. d4 d6 4. c4 Nb6 5. f4 Bf5 6. Nc3 dxe5 7. fxe5 Nc6 8. Be3 e6 9. Nf3 Bg4 10. Qd2 Na5 11. b3 Bb4 12. Rc1 Qd7 13. Be2 0-0 14. 0-0 Rac8 15. Ne1 Bxe2 16. Qxe2 c5 17. Ne4 cxd4 18. Bh6 Bxe1 19. Nf6+ 1-0